[Event "Taastrup Weekend D"]
[Site "Taastrup"]
[Date "2001.09.09"]
[Round "5"]
[White "Ghani, Ali"]
[Black "Rosenkilde, Alexander"]
[Result "1-0"]
[WhiteElo "1286"]
[BlackElo "1444"]
[PlyCount "155"]
[EventDate "2001.09.07"]
[EventType "swiss"]
[EventRounds "5"]
[EventCountry "DEN"]
[SourceTitle "EXT 2023"]
[Source "ChessBase"]
[SourceDate "2022.10.05"]
[SourceVersion "1"]
[SourceVersionDate "2022.10.05"]
[SourceQuality "1"]

1. d4 d5 2. c4 e6 3. Nc3 Nf6 4. Bf4 Be7 5. e3 0-0 6. Nf3 Nbd7 7. Ne5 Bd6 8. Nxd7 Qxd7 9. Bxd6 Qxd6 10. Bd3 dxc4 11. Bxc4 b6 12. 0-0 Bb7 13. Re1 Rfd8 14. Rc1 Rac8 15. Nb5 Qc6 16. f3 Qd7 17. Nxa7 Ra8 18. Bb5 Qd5 19. Bc6 Bxc6 20. Nxc6 Re8 21. Nb4 Qd6 22. a3 Nd5 23. Nxd5 exd5 24. Qc2 Re7 25. Qc6 Qxc6 26. Rxc6 Kf8 27. Kf2 Ke8 28. Rec1 Kd8 29. R1c3 f5 30. h3 h5 31. Rg6 Rf7 32. Rg5 Kd7 33. Rxh5 g6 34. Rg5 Rg8 35. h4 Rh7 36. g3 Kd6 37. b4 Rh6 38. Kg2 b5 39. Kf2 Rgh8 40. Ke2 Rg8 41. Kd3 Re8 42. Rc1 Ra8 43. Ra1 Re8 44. h5 Rxh5 45. Rxg6+ Re6 46. Rg8 Kd7 47. Rc1 Rh7 48. Rb8 Rhe7 49. Re1 Ra6 50. Rxb5 Rxa3+ 51. Kc2 Kc6 52. Rc5+ Kd6 53. Rc3 Rxc3+ 54. Kxc3 Kc6 55. Rc1 Kb5 56. Re1 Re8 57. e4 dxe4 58. fxe4 fxe4 59. g4 c6 60. g5 Re6 61. Rg1 Rg6 62. Re1 Re6 63. Rf1 Rg6 64. Rf5+ Kb6 65. d5 cxd5 66. Rf6+ Rxf6 67. gxf6 Kb5 68. f7 e3 69. Kd3 Kxb4 70. f8Q+ Ka4 71. Kxe3 Ka5 72. Kd4 Kb6 73. Qc5+ Kb7 74. Qxd5+ Kb8 75. Qf7 Kc8 76. Kd5 Kb8 77. Kc6 Ka8 78. Qb7# 1-0